FoxPro snadno a rychle /

Gespeichert in:
Bibliographische Detailangaben
1. Verfasser: Bílek, Jan (Verfasst von)
Format: Buch
Sprache:Tschechisch
Veröffentlicht: Praha : Grada, 1991
Schriftenreihe:"Nestůjte za dveřmi
Tags: Tag hinzufügen
Keine Tags, Fügen Sie das erste Tag hinzu!

MARC

LEADER 00000nam a22000003a 4500
001 stu18010
005 20150617225754.9
008 911028s1991----cs------------------cze-d
020 |a 80-85424-09-6 
040 |a STU  |b slo 
041 0 |a cze 
044 |a cs 
080 |a 681.3.06 
100 1 |a Bílek, Jan  |4 aut 
245 1 |a FoxPro snadno a rychle /  |c [aut.]Bílek,Jan 
260 |a Praha :  |b Grada,  |c 1991 
300 |a 248 s 
830 0 |a "Nestůjte za dveřmi 
996 |b CB1304  |c C*B1304  |l CCXVI  |s P  |a 0  |w stu18010_0001 
996 |b CB1354  |c C*B1354  |l CCXIV  |s P  |a 0  |w stu18010_0002 
996 |b CB1564  |c C*B1564  |l CCXXXIV  |s P  |a 0  |w stu18010_0003